Provinces of Vietnam (with map) - Statistics

General Stats
  • This quiz has been taken 14,321 times
  • The average score is 35 of 63
Answers on the Map
Answers color-coded by a green-red scale on the quiz's map according to % correct below.
 
Answer Stats
Provinces % Correct
Ha Noi
93%
Ho Chi Minh City
89%
Da Nang
78%
Hai Phong
71%
Ca Mau
69%
Nghe An
66%
An Giang
64%
Dak Lak
64%
Can Tho
63%
Dien Bien
63%
Quang Ninh
63%
Thanh Hoa
62%
Ha Giang
61%
Quang Binh
61%
Quang Nam
60%
Quang Tri
60%
Ha Tinh
59%
Kien Giang
59%
Thua Thien-Hue
59%
Lao Cai
58%
Quang Ngai
58%
Binh Duong
57%
Khanh Hoa
57%
Bac Giang
56%
Bac Ninh
56%
Binh Dinh
56%
Lam Dong
56%
Ninh Binh
56%
Son La
56%
Ba Ria-Vung Tau
55%
Cao Bang
55%
Dong Nai
54%
Gia Lai
54%
Binh Thuan
53%
Dak Nong
53%
Bac Kan
52%
Kon Tum
52%
Lang Son
52%
Ben Tre
51%
Bac Lieu
50%
Ha Nam
50%
Hoa Binh
50%
Nam Dinh
50%
Phu Tho
50%
Soc Trang
50%
Tay Ninh
50%
Tien Giang
50%
Hai Duong
49%
Lai Chau
49%
Phu Yen
49%
Thai Binh
49%
Thai Nguyen
49%
Yen Bai
49%
Hau Giang
48%
Long An
48%
Binh Phuoc
47%
Ninh Thuan
47%
Dong Thap
46%
Vinh Long
45%
Tuyen Quang
44%
Vinh Phuc
44%
Hung Yen
43%
Tra Vinh
40%
No matching quizzes found
Score Distribution
Percent of People with Each Score
Percentile by Number Answered
Your Score History
You have not taken this quiz